Solving problems in fluid mechanics - part 2 / (Record no. 4451)

000 -LEADER
fixed length control field 00372nam a22001337a 4500
008 - FIXED-LENGTH DATA ELEMENTS--GENERAL INFORMATION
fixed length control field 200804b ||||| |||| 00| 0 eng d
082 00 - DEWEY DECIMAL CLASSIFICATION NUMBER
Classification number 620.106
Item number D733
100 ## - MAIN ENTRY--PERSONAL NAME
9 (RLIN) 797
Personal name Douglas, John F.
245 10 - TITLE STATEMENT
Title Solving problems in fluid mechanics - part 2 /
260 ## - PUBLICATION, DISTRIBUTION, ETC. (IMPRINT)
Place of publication, distribution, etc London:
Name of publisher, distributor, etc Pitman,
Date of publication, distribution, etc 1986.
300 ## - PHYSICAL DESCRIPTION
Extent ix, 264 p.
650 #0 - SUBJECT ADDED ENTRY--TOPICAL TERM
Topical term or geographic name as entry element Hydraulics
942 ## - ADDED ENTRY ELEMENTS (KOHA)
Item type Books
Holdings
Withdrawn status Lost status Source of classification or shelving scheme Damaged status Not for loan Permanent location Current location Date acquired Full call number Barcode Date last seen Koha item type Total Checkouts Date last borrowed
          IMU Kolkata IMU Kolkata 2020-08-04 620.106 D733 07921 2020-08-04 Books    
          IMU Kolkata IMU Kolkata 2020-08-04 620.106 D733 07922 2023-11-24 Books 1 2023-11-21
          IMU Kolkata IMU Kolkata 2020-08-04 620.106 D733 07923 2020-08-04 Books    
          IMU Kolkata IMU Kolkata 2020-08-04 620.106 D733 07992 2020-08-04 Books    
Designed and Maintained by IMU-KC Library, Kolkata Campus © Copyright All Rights Reserved

webs counters

Powered by Koha